[Event "IECG OP.2006.0.00030"]
[Site "IECG email"]
[Date "2006.04.29"]
[Round "?"]
[White "Hunt, Dylan"]
[Black "Gimenes, Virgilio"]
[Result "0-1"]
[WhiteElo "800"]
[BlackElo "800"]
[PlyCount "52"]
[EventDate "2006.04.29"]
[EventType "tourn (corr)"]
[EventRounds "6"]
[SourceTitle "Corr 2008"]
[Source "ChessBase"]
[SourceDate "2008.06.24"]
[SourceVersion "1"]
[SourceVersionDate "2008.06.24"]
[SourceQuality "1"]

1. e4 e6 2. d4 d5 3. Nd2 c5 4. Ngf3 Nc6 5. Bb5 Qb6 6. Qe2 Nf6 7. exd5 Nxd5 8. c4 Nc7 9. d5 Nxb5 10. cxb5 Nd4 11. Nxd4 cxd4 12. Nc4 Qd8 13. dxe6 Bxe6 14. 0-0 Qd5 15. Ne5 Rd8 16. Rd1 Bd6 17. Nf3 d3 18. Qe3 Qxb5 19. Ng5 0-0 20. Nxe6 Qh5 21. Rxd3 Qxh2+ 22. Kf1 Qh1+ 23. Ke2 fxe6 24. Qxe6+ Kh8 25. Rh3 Qxg2 26. Be3 Rde8 0-1